| 000 | 00380nam a2200133Ia 4500 | ||
|---|---|---|---|
| 008 | 210210b1993 xxu||||| |||| 00| 0 eng d | ||
| 082 | _a371.42 TANC | ||
| 100 | _aTANDON (Kum Kum). | ||
| 245 | _aCareer options in humanities and commerce after 10+2. | ||
| 260 |
_aNew Delhi. _bUBSPD, Career Options., _c1993 |
||
| 300 | _a549 | ||
| 690 | _aCareer & Counselling | ||
| 906 | _aSG03554 | ||
| 999 |
_c114514 _d114514 |
||